000 00559cam a22002053a 4500
001 42614
003 PGUSA
005 20140828083950.0
008 130429s2013||||xxu|||||s|||||000 | eng d
040 _aPGUSA
_beng
042 _adc
100 1 _aGasquet, Abbot
245 1 0 _aEnglish Monastic Life
_h[electronic resource] /
_cAbbot Gasquet
260 _bProject Gutenberg,
_c2013
506 _aPublic domain in the USA.
516 _aElectronic text
830 0 _aProject Gutenberg
_v42614
856 4 0 _uhttp://www.gutenberg.org/ebooks/42614
942 _cEB
999 _c271866
_d271866